Skip to content
VuFind
All Fields
Title
Author
Subject
Call Number
ISBN/ISSN
Tag
Find
Advanced
A level law
Cite this
Print
Export Record
Export to RefWorks
Export to EndNoteWeb
Export to EndNote
Export to MARC
A level law
Bibliographic Details
Format:
Book
Holdings
Description
Similar Items
Staff View
MARC
LEADER
00000cam a2200000 7i4500
001
0000009772
002
000010640
005
20000330.0
020
|a
1874241759
090
0
0
|a
344.2
|b
BOO
245
1
0
|a
A level law
999
|a
047542
|b
BUKU
|c
PINJAMAN
|e
PERPUSTAKAAN KOMUNITI PETALING JAYA
Similar Items
A Level Law
A Level paper 1
by: Cappi, Paul
Published: (1994)
Law
Company law
by: Bourne, Nicholas
Published: (1993)
Law of insurance
by: Poh Chu Chai
Published: (1993)